Decisiones empresariales y sentido común (Registro nro. 14581)

Detalles MARC
000 -CABECERA
Longitud fija campo de control 00692nam a22002057a 4500
003 - IDENTIFICADOR DELl NÚMERO DE CONTROL
Identificador del número de control OSt
005 - FECHA Y HORA DE LA ÚLTIMA TRANSACCIÓN
Fecha y hora de la última transacción 20141108101540.0
008 - CÓDIGOS DE INFORMACIÓN DE LONGITUD FIJA
Códigos de información de longitud fija 141013b xxu||||| |||| 00| 0 eng d
020 ## - NÚMERO INTERNACIONAL NORMALIZADO PARA LIBROS
Número Internacional Normalizado para Libros (ISBN) 84-481-3921-6
040 ## - FUENTE DE LA CATALOGACIÓN
Centro transcriptor BMC
082 ## - NÚMERO DE LA CLASIFICACIÓN DECIMAL DEWEY
Númeroo de clasificación 658.155
100 1# - PUNTO DE ACCESO PRINCIPAL-NOMBRE DE PERSONA
Nombre de persona López Lubián, Francisco J.‏
9 (RLIN) 26611
245 10 - MENCIÓN DE TÍTULO
Título Decisiones empresariales y sentido común
Resto del título : cómo distinguir la rentabilidad aparente de la real
Mención de responsabilidad, etc. Francisco J. López Lubián
260 ## - PUBLICACIÓN, DISTRIBUCIÓN, ETC. (PIE DE IMPRENTA)
Lugar de publicación, distribución, etc. Madrid
Nombre del editor, distribuidor, etc. McGraw-Hill, Interamericana de España
Fecha de publicación, distribución, etc. cop 2003
300 ## - DESCRIPCIÓN FÍSICA
Extensión XVII, 197 p.
Otras características físicas tablas
Dimensiones 23 cm
490 ## - MENCIÓN DE SERIE
Mención de serie McGraw-Hill de Management
504 ## - NOTA DE BIBLIOGRAFÍA, ETC
Nota de bibliografía, etc. Bibliografía: p. 183
650 24 - PUNTO DE ACCESO ADICIONAL DE MATERIA - TÉRMINO DE MATERIA
Término de materia o nombre geográfico como elemento inicial Empresas
Subdivisión de materia general Beneficios
9 (RLIN) 26542
942 ## - ENTRADA DE ELEMENTOS AGREGADOS (KOHA)
Fuente de clasificaión o esquema Dewey Decimal Classification
Koha [por defecto] tipo de item 1- Monografias
Existencias
Suprimido Perdido Fuente de clasificación o esquema Estropeado Restricciones de uso No para préstamo Código de colección Localización permanente Localización actual Localización en estanter&íacute;as Fecha adquisición Fuente de adquisición Número de inventario Préstamos totales Signatura completa Código de barras Fecha última consulta Fecha del precio de reemplazo Tipo de item de Koha
NULL NULL Dewey Decimal Classification NULL Prestable NULL NULL Biblioteca Miguel de Cervantes - UNICAES Biblioteca Miguel de Cervantes - UNICAES Sala Principal 21/01/2011 Donación - Facultad de Ciencias Empresariales 023063   658.155 LOP dec 1023521 14/10/2014 14/10/2014 1- Monografias